000 00737nam a2200253Ia 4500
003 OSt
005 20220928133209.0
006 a|||||r|||| 00| 0
007 ta
008 220927b |||||||| |||| 00| 0 eng d
020 _c3500
024 _a113597
037 _b172, 04/11/2011, Om Book Distributors
_cTextual
040 _aSDCL
_cSDCL
_beng
041 _2eng
_aeng
082 _aSigma:f, Q1.1-.2
100 _aSingh G B
_9484716
245 0 _aResearch methodology.2V.
260 _aJaipur
_bParadise Publishers
_c2011
490 _vV1:294p
650 _aBusiness Economics
_9391653
942 _hSigma:f, Q1.1-.2
_cTEXL
_2CC
999 _c798249
_d798249